Quiz geograficzny#3 - Statystyki

Ogólne statystyki
  • Ten quiz został rozwiązany 12 razy
  • Średni wynik to 3 z 5
Statystyki odpowiedzi
Podpowiedź Odpowiedź % Poprawnych
Stolica Francji Paryż
100%
Morze pomiędzy Półwyspem Apenińskim a Półwyspem Bałkańskim Morze Adriatyckie
82%
Państwo o najmłodszym społeczeństwie Niger
45%
Najwyższe pasmo górskie w Wielkiej Brytanii Grampiany
18%
Najmniejsze miasto świata Hum
18%
Nie znaleziono quizów pasujących do podanych kryteriów
Rozkład punktacji
Procent ludzi z każdym wynikiem
Percentyl według liczby udzielonych odpowiedzi
Twoja historia wyników
Nie rozwiązałeś tego quizu